| Registos Bibliográficos associados ao registo de autoridade |
|
Etiqueta de registo: 00254nam 2200025 450 001 2288556 003 http://id.bnportugal.gov.pt/bib/catbnp/2288556 100 ## $a20260623d2024 k y0pory01030103ba 101 0# $afre$dpor$deng 102 ## $aPT$aFR 105 ## $ay m 000yy 106 ## $ar 200 1# $aReflexões em torno da realização de um filme sobre emigração luso-francesa nos anos
1960$e os desafios da representação da história intima e familiar no cinema$dRéflexion autour de la réalisation d'un film sur l'immigration portugaise dans les
années 1960$e les enjeux de la répresentation de l'histoire intime et familiale au cinéma$fJorge Vaz Gomes$gorient. Susana de Sousa Dias Macedo, Laurent Véray$zfre 210 #9 $aLisboa ;$aParis$c[s.n.],$d2024 215 ## $a224 p.$d30 cm 328 #1 $aTese doutoramento Belas-Artes (Arte Multimédia), Universidade de Lisboa, Faculdade
de Belas-Artes, Université Sorbonne Nouvelle, 2024 510 1# $aRéflexion autour de la réalisation d'un film sur l'immigration portugaise dans les
années 1960$e les enjeux de la répresentation de l'histoire intime et familiale au cinéma$zfre 700 #1 $aGomes,$bJorge Vaz $32001336 702 #1 $aMacedo,$bSusana de Sousa Dias de$4727$31271328 702 #1 $aVéray,$bLaurent $32001341 801 #0 $aPT$bBN$gRPC 966 ## $lBN$mFGMON$x1 971 ## $cjbeatriz$d20260623
|
|
|